000 01846dam0a2200349 i 4500
001 RU\NLR\bibl\803671
005 20260426062930.0
021 _aRU
_b2005-11479
_9588
035 _a(NLR Aleph) 000792825
090 _a13280278
_c13280278
100 _a20050525d2005 u y0rusy50 ca
101 0 _arus
102 _aRU
105 _ay |||||||||
200 1 _aСоциально-оздоровительные технологии воспитания и развития дошкольников
_eиз опыта работы дошкольного образовательного учреждения N 56 Красноармейского района г. Волгограда
_fГ.Ф. Савина, Н.Ю. Бутенко, Н.Н. Миндарина и др.
_gпод ред. проф. М.В. Корепановой
210 _aВолгоград
_cВГИПК РО
_d2005
215 _a94 с.
_d20
225 1 _aУчебный год. Приложение
_v№ 9
_iДошкольное образование
_vвып. 2
320 _aБиблиогр.: с.93-94 (10 назв.)
606 _aДошкольники
_xФизическое воспитание
_jСборники
_3RU\NLR\auth\66462627
_91157227
686 _aЧ411.354я43
701 1 _aСаввина
_bГ. Ф.
_gГалина Федоровна
_4070
701 1 _aБутенко
_bН. Ю.
_gНаталья Юрьевна
_4070
701 1 _aМиндрина
_bН. Н.
_gНаталья Николаевна
_4070
701 1 _aСаламатина
_bР. Б.
_gРаиса Борисовна
_4070
702 1 _4340
_8rus
_7ca
_aКорепанова
_bМ.В.
_gМарина Васильевна
_3RU\NLR\auth\7716163
_9125805
801 0 _aRU
_bNLR
_c20050525
_grcr
801 1 _aRU
_bNLR
_c20050525
852 _aNLR
_jП28/2070
942 _cBOOK